| 000 | 00365pam a2200157 a 4500 | ||
|---|---|---|---|
| 020 | _c | ||
| 041 | _aeng | ||
| 082 | _bBEI | ||
| 100 | _aBeiser Arthur. | ||
| 245 |
_aConcepts of Modern Physics _hTextual Documents |
||
| 250 | _a6. | ||
| 260 |
_aNew Delhi _bMcGraw Hill _c2014 |
||
| 300 | _a623 pg. | ||
| 700 |
_aMahajan Shobhit. _aChaudhary S Rai. |
||
| 930 | _a2754 | ||
| 999 |
_c79677 _d79677 |
||